000 00527nam a2200181Ia 4500
999 _c13551
_d13551
003 OSt
005 20201110113248.0
008 190216s9999||||xx |||||||||||||| ||und||
020 _a5050028035
040 _coclc
082 _a891.733
_bDOS/K
100 _aDostoyevsky, Fydor
_96152
245 0 _aThe kazamazou Brothers /
_cFyodor Dostoyevsky
260 _bRaduga Pub,
_c1990.
_aMoscow:
300 _a575p
650 _aEnglish Novel-English Novel
942 _cBK
_2ddc
_h891.733
_iDOS/K
_k891.733
_mDOS/K